Every Urban Area In Washington State - Statistics

General Stats
  • This quiz has been taken 15 times
  • The average score is 21 of 61
Answer Stats
Primary County Population Urban Area % Correct
Spokane 447,279 Spokane
91%
Whatcom 128,979 Bellingham
82%
Yakima 133,145 Yakima
82%
*Walla Walla 50,013 Walla Walla
73%
Grays Harbor 26,603 Aberdeen
64%
Skagit 18,529 Anacortes
64%
Kittitas 21,518 Ellensburg
64%
Skagit 66,825 Mount Vernon
64%
Island 37,449 Oak Harbor
64%
*Multnomah 2,104,238 Portland
64%
San Juan 3,542 Friday Harbor
55%
Grays Harbor 6,766 Ocean Shores
55%
Chelan 78,142 Wenatchee (incl. Cashmere)
55%
Kitsap 224,449 Bremerton
45%
Chelan 6,380 Chelan
45%
Pacific 3,252 Long Beach
45%
*Cowlitz 69,841 Longview
45%
Grant 38,751 Moses Lake
45%
Clallam 24,445 Port Angeles
45%
Jefferson 10,042 Port Townsend
45%
Whitman 32,691 Pullman
45%
Lewis 42,338 Centralia
36%
Spokane 13,176 Cheney
36%
*Nezperce 54,798 Lewiston
36%
Snohomish 160,440 Marysville
36%
Thurston 208,157 Olympia-Lacey
36%
King 3,544,011 Seattle-Tacoma
36%
Clallam 24,864 Sequim
36%
Mason 14,907 Shelton
36%
Thurston 14,924 Yelm
36%
Kittitas 3,846 Cle Elum
27%
*Hood River 16,171 Hood River
27%
Benton 255,401 Kennewick-Richland-Pasco
27%
Whatcom 15,995 Lynden
27%
King 11,762 North Bend
27%
King 17,070 Snoqualmie
27%
Yakima 10,057 Toppenish
27%
Mason 5,141 Belfair
18%
Whatcom 15,833 Birch Bay
18%
Stevens 5,058 Colville
18%
Grant 8,050 Ephrata
18%
Yakima 11,187 Grandview
18%
Snohomish 24,635 Monroe
18%
Okanogan 8,165 Omak
18%
Adams 10,865 Othello
18%
Whatcom 1,191 Point Roberts
18%
Grant 7,846 Quincy
18%
Clark 10,356 Ridgefield
18%
Snohomish 7,678 Stanwood
18%
Snohomish 5,665 Sultan
18%
Yakima 17,140 Sunnyside
18%
Cowlitz 7,217 Woodland
18%
Franklin 5,437 Connell
9%
King 8,165 Duvall
9%
Island 7,907 Freeland
9%
Snohomish 6,349 Granite Falls
9%
Grays Harbor 12,682 Montesano-Elma
9%
Pacific 5,411 Ocean Park
9%
Jefferson 5,372 Port Hadlock-Irondale
9%
Benton 6,589 Prosser
9%
Yakima 7,071 Wapato
0%
No matching quizzes found
Score Distribution
Percent of People with Each Score
Percentile by Number Answered
Your Score History
You have not taken this quiz